000 00374nam a2200145Ia 4500
008 230917s9999||||xx |||||||||||||| ||und||
040 _e160788
_aMAIN
041 _aEnglish
082 _a658.787 N164I
100 _aNarayan, P
245 0 _aInventory management: Principles and practices
260 _aNew Delhi
_bExcel Books
_c2008
300 _axi, 230 p.
942 _cBK
999 _c153225
_d153225